<?xml version="1.0" encoding="UTF-8"?>
<collection xmlns="http://www.loc.gov/MARC21/slim">
  <record>
    <leader>00000nam  2200000   4500</leader>
    <datafield tag="247" ind1="#" ind2="#">
      <subfield code="a"/>
    </datafield>
    <datafield tag="856" ind1="#" ind2="#">
      <subfield code="a"/>
    </datafield>
    <datafield tag="700" ind1=" " ind2="#">
      <subfield code="a"/>
    </datafield>
    <datafield tag="650" ind1=" " ind2="#">
      <subfield code="a">Administrasi Negara</subfield>
    </datafield>
    <datafield tag="520" ind1=" " ind2="#">
      <subfield code="a"/>
    </datafield>
    <datafield tag="321" ind1="#" ind2="#">
      <subfield code="a"/>
    </datafield>
    <datafield tag="310" ind1="#" ind2="#">
      <subfield code="a"/>
    </datafield>
    <datafield tag="300" ind1="#" ind2="#">
      <subfield code="a">lxvi, 1971 halaman</subfield>
      <subfield code="b">ilus</subfield>
      <subfield code="c">21,5 cm</subfield>
      <subfield code="e"/>
    </datafield>
    <datafield tag="260" ind1="#" ind2="#">
      <subfield code="a">London</subfield>
      <subfield code="b">Sweet &amp; Maxwell</subfield>
      <subfield code="c">1971</subfield>
    </datafield>
    <controlfield tag="001">$a INLIS000000000020951</controlfield>
    <datafield tag="245" ind1="#" ind2="#">
      <subfield code="a">Principles of Local Government Law</subfield>
      <subfield code="b"/>
      <subfield code="c">C.A. Cross</subfield>
    </datafield>
    <datafield tag="100" ind1="1" ind2="#">
      <subfield code="a">C.A. Cross</subfield>
    </datafield>
    <datafield tag="084" ind1="#" ind2="#">
      <subfield code="a">352 CRO p</subfield>
    </datafield>
    <datafield tag="082" ind1="#" ind2="#">
      <subfield code="a">352 CRO p</subfield>
    </datafield>
    <datafield tag="035" ind1="#" ind2="#">
      <subfield code="a">0010-0626000045</subfield>
    </datafield>
    <datafield tag="020" ind1="#" ind2="#">
      <subfield code="a">421 14780 6</subfield>
    </datafield>
    <controlfield tag="008">$a 260630################g##########0#eng##</controlfield>
    <controlfield tag="005">$a 20260630113900</controlfield>
  </record>
</collection>
